<?xml version="1.0" encoding="UTF-8"?><?xml-stylesheet type="text/xsl" href="static/style.xsl"?><OAI-PMH xmlns="http://www.openarchives.org/OAI/2.0/" xmlns:xsi="http://www.w3.org/2001/XMLSchema-instance" xsi:schemaLocation="http://www.openarchives.org/OAI/2.0/ http://www.openarchives.org/OAI/2.0/OAI-PMH.xsd"><responseDate>2026-04-17T09:18:06Z</responseDate><request verb="GetRecord" identifier="oai:riubu.ubu.es:10259/8868" metadataPrefix="marc">https://riubu.ubu.es/oai/request</request><GetRecord><record><header><identifier>oai:riubu.ubu.es:10259/8868</identifier><datestamp>2024-06-14T00:05:06Z</datestamp><setSpec>com_10259_2684</setSpec><setSpec>com_10259_8866</setSpec><setSpec>com_10259_2658</setSpec><setSpec>com_10259_2605</setSpec><setSpec>col_10259_8869</setSpec><setSpec>col_10259_8867</setSpec></header><metadata><record xmlns="http://www.loc.gov/MARC21/slim" xmlns:doc="http://www.lyncode.com/xoai" xmlns:xsi="http://www.w3.org/2001/XMLSchema-instance" xmlns:dcterms="http://purl.org/dc/terms/" xsi:schemaLocation="http://www.loc.gov/MARC21/slim http://www.loc.gov/standards/marcxml/schema/MARC21slim.xsd">
<leader>00925njm 22002777a 4500</leader>
<datafield tag="042" ind1=" " ind2=" ">
<subfield code="a">dc</subfield>
</datafield>
<datafield tag="720" ind1=" " ind2=" ">
<subfield code="a">Abella García, Víctor</subfield>
<subfield code="e">author</subfield>
</datafield>
<datafield tag="720" ind1=" " ind2=" ">
<subfield code="a">Fernández Mármol, Keiri</subfield>
<subfield code="e">author</subfield>
</datafield>
<datafield tag="260" ind1=" " ind2=" ">
<subfield code="c">2024-03</subfield>
</datafield>
<datafield tag="520" ind1=" " ind2=" ">
<subfield code="a">En la era de la información y el avance tecnológico sin precedentes, la integración de la Inteligencia Artificial (IA) en la educación ha emergido como un tema de creciente relevancia y debate. Desde el surgimiento de modelos de IA generativa hasta la implementación de herramientas innovadoras en el aula, el panorama educativo se encuentra en constante transformación. El objetivo de este informe es promover, tanto entre profesores como estudiantes, un uso eficaz, responsable y ético de la Inteligencia Artificial Generativa dentro de la educación superior.</subfield>
</datafield>
<datafield tag="024" ind2=" " ind1="8">
<subfield code="a">http://hdl.handle.net/10259/8868</subfield>
</datafield>
<datafield tag="245" ind1="0" ind2="0">
<subfield code="a">Docencia en la era de la inteligencia artificial: enfoques prácticos para docentes</subfield>
</datafield>
</record></metadata></record></GetRecord></OAI-PMH>